书目信息 |
| 题名: |
法国革命史
|
|
| 作者: | 马迪厄 著 ;杨人楩 译注 | |
| 分册: | 第二卷 | |
| 出版信息: | 北京 商务印书馆 1973.2 |
|
| 页数: | 266页 | |
| 开本: | 19cm | |
| 丛书名: | ||
| 单 册: | ||
| 中图分类: | K565.41 | |
| 科图分类: | ||
| 主题词: | 西欧--历史 | |
| 电子资源: | ||
| ISBN: | ||
| 000 | 00622nam0 2200229 45 | |
| 001 | 0302190975 | |
| 005 | 20031219104111.0 | |
| 010 | @dCNY2.70 | |
| 091 | @a11017.192 | |
| 100 | @a20030219d1973 km y0chiy0120 ea | |
| 101 | 0 | @achi |
| 105 | @a z 000yy | |
| 200 | 1 | @a法国革命史@AFa Guo Ge Ming Shi@h第二卷@f(法)马迪厄著@F(Fa)Ma Di E Zhu@g杨人楩译注 |
| 205 | @a第二版 | |
| 210 | @a北京@c商务印书馆@d1973.2 | |
| 215 | @a266页@d19cm | |
| 606 | 0 | @a西欧@x历史 |
| 690 | @aK565.41@v3 | |
| 701 | 0 | @a马迪厄@4著 |
| 702 | 0 | @a杨人楩@AYang Ren Pian@4译注 |
| 801 | @aCN@bTSTC@c20020618 | |
| 905 | @dK565.41@e13:2@f1@b219124 | |
| 法国革命史.第二卷/(法)马迪厄著/杨人楩译注.-第二版.-北京:商务印书馆,1973.2 |
| 266页;19cm |
| ISBN :CNY2.70 |
| ● |
| 相关链接 |
|
|
|
|
正题名:法国革命史
索取号:K565.41/13:2
 
预约/预借
| 序号 | 登录号 | 条形码 | 馆藏地/架位号 | 状态 | 备注 |
| 1 | 0219124 | 001786507 | 第二样本阅览室/ [索取号:K565.41/13:2] | 在馆 |